000 00429nam a2200181Ia 4500
001 20262
005 20260306172753.0
008 260306t2006||||xx |||||||||||||| ||spa||
041 _aESP
082 _a343.1
_bE56
100 _aGarcĂ­a Belaunde, Domingo
_eAUT
245 0 _aEncuesta sobre derecho procesal constitucional
260 _c2006
300 _a
_c
650 _aGEN
654 _aCDE
942 _cLIB
_dJUS
_fJUS
_2ddc
_n
999 _c20262
_d20262